Hydropónia a kompostovanie v interiéri

Guardado en:
Detalles Bibliográficos
Autor principal: Pčolková, Soňa (Autor)
Otros Autores: Paliatka, Peter (Orientador)
Formato: Manuscrito Libro
Lenguaje:eslovaco
Publicado: Bratislava 2022
Materias:
Acceso en línea:http://is.stuba.sk/zp/portal_zp.pl?podrobnosti=165139
Etiquetas: Agregar Etiqueta
Sin Etiquetas, Sea el primero en etiquetar este registro!

MARC

LEADER 00000ntm a22000003a 4500
001 stuzp90431
003 SK-STU
005 20221024085136.8
007 ta
008 150427s2015----xo-----f-mn---000-0-slo-d
040 |a STU  |b slo 
041 0 |a slo 
100 1 |a Pčolková, Soňa  |u 059190  |4 aut  |U FAD Fakulta architektúry a dizajnu  |T FAD Ústav dizajnu  |X 95990  |U A9190  |Y 400  |7 95990 
242 0 1 |a Indoor hydroponics and composting  |y eng 
245 1 0 |a Hydropónia a kompostovanie v interiéri 
260 |c 2022  |a Bratislava 
650 4 |a vermikompostovanie  |2 slo 
650 4 |a symbióza  |2 slo 
650 4 |a hydropónia  |2 slo 
650 4 |a pestovanie v interiéri  |2 slo 
650 4 |a nakličovanie  |2 slo 
650 4 |a hydroponics  |2 eng 
650 4 |a vermicomposting  |2 eng 
650 4 |a symbiosis,  |2 eng 
650 4 |a indoor cultivation  |2 eng 
650 4 |a germination  |2 eng 
700 1 |a Paliatka, Peter  |u 059190  |k Z1  |4 ths  |U FAD Fakulta architektúry a dizajnu  |T FAD Ústav dizajnu  |X 332  |U A9190  |Y 400  |7 A000000332 
856 4 |u http://is.stuba.sk/zp/portal_zp.pl?podrobnosti=165139  |u https://opac.crzp.sk/?fn=detailBiblioForm&sid=228C7CD165D66AC754D049FE85CA